000 01522nam a2200373Ia 4500
001 ebr10135344
003 CaPaEBR
006 m u
007 cr cn|||||||||
008 051027s2005 onca sb 001 0 eng d
016 _z20059067225
020 _z0889204772 (pbk.)
040 _aCaPaEBR
_cCaPaEBR
035 _a(OCoLC)65177425
050 1 4 _aBL65.M4
_bS675 2005eb
082 0 4 _a201/.661
_222
245 0 0 _aSpirituality and health
_h[electronic resource] :
_bmultidisciplinary explorations /
_cedited by Augustine Meier, Thomas St. James O'Connor, Peter VanKatwyk.
260 _aWaterloo, Ont. :
_bWilfred Laurier University Press,
_cc2005.
300 _axx, 316 p. :
_bill.
504 _aIncludes bibliographical references and index.
533 _aElectronic reproduction.
_bPalo Alto, Calif. :
_cebrary,
_d2009.
_nAvailable via World Wide Web.
_nAccess may be limited to ebrary affiliated libraries.
650 0 _aHealth
_xReligious aspects.
650 0 _aMedical care
_xReligious aspects.
650 0 _aSpirituality.
650 0 _aSpiritual healing.
650 0 _aHolistic medicine
_xReligious aspects.
650 0 _aPastoral counseling.
655 7 _aElectronic books.
_2local
700 1 _aMeier, Augustine,
_d1933-
700 1 _aO'Connor, Thomas St. James,
_d1950-
700 1 _aVanKatwyk, Peter L.
_q(Peter Lorens),
_d1938-
710 2 _aebrary, Inc.
856 4 0 _uhttp://site.ebrary.com/lib/rucke/Doc?id=10135344
_zAn electronic book accessible through the World Wide Web; click to view
999 _c187536
_d187536